| 000 | 01062cam a22003017a 4500 | ||
|---|---|---|---|
| 003 | CHAP | ||
| 005 | 20220817044455.0 | ||
| 008 | 971013s1972 mx a r 00010 spa d | ||
| 010 | _a101897 | ||
| 011 | _a102869 | ||
| 035 | _a113558 | ||
| 040 | _cCHAP | ||
| 090 | _aFolleto 17990 | ||
| 110 | 2 |
_aComisión Nacional de Fruticultura. México _925772 |
|
| 245 | 1 | 3 |
_aViabilidad económica del centro regional de desarrollo fruticola "Presidente Guadalupe Victoria" en Tenancingo, Méx. _c/por CONAFRUT |
| 260 |
_aMéxico : _bCONAFRUT, _c1972 |
||
| 300 |
_a10 p. : _bcuadros |
||
| 490 | 0 |
_aSerie especial. Folleto _v; 4 |
|
| 590 |
_aBATCH-UPD _b10 _c20130110 _lUCH01 _h1238 |
||
| 590 |
_aBATCH-UPD _b10 _c20130410 _lUCH01 _h0805 |
||
| 590 |
_aBATCH-UPD _b10 _c20130914 _lUCH01 _h1448 |
||
| 590 |
_aCONVERSION _b10 _c20130109 _lUCH01 _h1356 |
||
| 650 | 1 | 4 |
_aFruticultura _xAspectos económicos _zMéxico. _943701 |
| 830 | 0 |
_aSerie especial Folleto _v; 4 |
|
| 901 | _aBK | ||
| 942 | _cFOLL | ||
| 949 |
_aFolleto 17990 _bBC _cFOLL _d33724002304793 _eTS1 _gDonaciØn _i113558 _sb |
||
| 999 |
_c101897 _d101897 |
||